|
|
|
|
| LEADER |
00718nam a2200145 4500 |
| 999 |
|
|
|c 277684
|d 277684
|
| 020 |
|
|
|a 9789811321009
|
| 082 |
|
|
|a 338.92
|b POP
|
| 100 |
|
|
|a Population Development and the Environment:
|
| 245 |
|
|
|a Population Development and the Environment:
|b Challenges to achieving the sustainable development goals in the asia pacific/
|c edited by Helen James
|
| 260 |
|
|
|a Singapore:
|b Palgrave Macmillan,
|c 2019
|
| 300 |
|
|
|a xxxvi, 440 p.:
|
| 650 |
|
|
|a Sustainable Development-Asia; Sustainable Development- Pacific Area;Economic Development-Environmental Aspects-Asia
|
| 942 |
|
|
|c BK
|
| 952 |
|
|
|0 0
|1 0
|4 0
|6 338_920000000000000_POP_P
|7 0
|8 NFIC
|9 295971
|a DEM
|b DEM
|d 2020-03-06
|l 0
|o 338.92 POP/P
|p DEM7540
|r 2020-03-06
|w 2020-03-06
|y BK
|